Zespoły angielskiej Premier League 2025–2026 - Statystyki

Ogólne statystyki
  • Ten quiz został rozwiązany 24 razy
  • Średni wynik to 15 z 20
Statystyki odpowiedzi
Zespół % Poprawnych
Manchester City
94%
Manchester United
94%
Arsenal
89%
Chelsea
89%
Liverpool
89%
Brighton & Hove Albion
83%
Brentford
78%
Newcastle United
78%
Tottenham Hotspur
78%
West Ham United
78%
Wolverhampton Wanderers
78%
Aston Villa
72%
Crystal Palace
72%
Sunderland
72%
Bournemouth
67%
Everton
67%
Fulham
67%
Leeds United
67%
Burnley
56%
Nottingham Forest
56%
Nie znaleziono quizów pasujących do podanych kryteriów
Rozkład punktacji
Procent ludzi z każdym wynikiem
Percentyl według liczby udzielonych odpowiedzi
Twoja historia wyników
Nie rozwiązałeś tego quizu